V Answers Quiz #2 - Statistics

General Stats
  • This quiz has been taken 33,264 times
  • The average score is 17 of 24
Answer Stats
Clue Answer % Correct
Credit card company Visa
92%
Etna, Fuji, or Pinatubo, e.g. Volcano
90%
Alternative to shoelaces Velcro
88%
Silicon or San Fernando, e.g. Valley
86%
Hoover or Dyson, e.g. Vacuum
85%
Major Canadian city Vancouver
85%
Something a President can do to a bill Veto
85%
Scavenging bird Vulture
85%
Killer species from "Jurassic Park" Velociraptor
83%
What happens here stays here Vegas
81%
State in New England Vermont
78%
Swedish automaker Volvo
78%
Something only an Australian would put on a sandwich Vegemite
76%
Hall of the Norse gods Valhalla
74%
Term for an animal with a backbone Vertebrate
74%
Tribe who sacked Rome in 455, or people who deface property Vandals
67%
What Caesar did prior to vidi and vici Veni
62%
One of Hinduism's main gods Vishnu
62%
Longest river in Europe Volga
62%
Saint who secretly married couples in Rome Valentine
53%
Unmanned spacecraft that left the solar system in 2012 Voyager
46%
Leonardo's symmetrical man, for example Vitruvian
33%
Spring equinox in the Northern Hemisphere Vernal
30%
What's your ______, Victor Vector
29%
No matching quizzes found
Score Distribution
Percent of People with Each Score
Percentile by Number Answered
Your Score History
You have not taken this quiz